| 000 | 00482nam a22001217a 4500 | ||
|---|---|---|---|
| 999 |
_c18695 _d18695 |
||
| 008 | 210115b xxu||||| |||| 00| 0 eng d | ||
| 050 |
_aGME0236 _b.K56 2018 c.1 |
||
| 100 | _aKimame, Leslie Simatwa | ||
| 245 |
_aInfluence of Student councils in Curbing Frequency of Student Unrests in Public Boys Boarding Secondary Schools in Elgon Sub-county, Kenya _cLeslie S. Kimame |
||
| 260 |
_aKabarak, Nakuru, Kenya _bKabarak University _c2018 |
||
| 300 | _axiv,107leaves | ||
| 942 |
_2lcc _cTHE |
||